Falsos Amigos del Italiano - Estadísticas

Estadísticas generales
  • Esta prueba ha sido intentada 106 veces
  • La puntuación promedio es 11 de 14
Estadísticas de respuestas
Hint Respuesta % Correcto
Avergonzada Imbarazzata
93%
Calor Caldo
92%
Mantequilla Burro
91%
Pronto Presto
85%
Carta Lettera
84%
Listo Pronto
82%
Papel Carta
80%
Burro Asino
77%
Vaso Bicchiere
76%
Florero Vaso
76%
Embarazada Incinta
74%
Salir Uscire
73%
Caldo Brodo
69%
Subir Salire
61%
No se encontraron pruebas coincidentes
Distribución de puntuación
Porcentaje de gente con cada puntuación
Porcentaje por número respondido
Historial de tus puntuaciones
No has intentado esta prueba.